Telovýchovné lekárstvo

Saved in:
Bibliographic Details
Main Author Kolektív, autorov
Other Authors Branislav Delej
Format Electronic eBook
LanguageCzech
Published Grada SK 2025
Edition1. elektronické vydání
Subjects
Online AccessDostupné v BOOKPORT po přihlášení pomocí eduID
ISBN978-80-8090-892-8
978-80-8090-891-1
Physical Description1 online zdroj (448 stran)

Cover

LEADER 00000nam a2200000 i 4500
001 bkp100357
003 CZ-prgp
005 20250221121213.0
006 m o d
007 cr cn
008 250221s2025 xr o 000 0 cze
020 |a 978-80-8090-892-8  |c 850 Kč  |q (online ; pdf) 
020 |a 978-80-8090-891-1  |c 1000 Kč  |q (print) 
040 |a Grada  |b cze  |e rda 
100 1 |a Kolektív, autorov 
245 1 0 |a Telovýchovné lekárstvo  |c autorov Kolektív, Branislav Delej 
250 |a 1. elektronické vydání 
264 1 |b Grada SK  |c 2025 
300 |a 1 online zdroj (448 stran) 
336 |a text  |b txt  |2 rdacontent 
337 |a počítač  |b c  |2 rdamedia 
338 |a online zdroj  |b cr  |2 rdacarrier 
520 3 |a Výnimočná kniha pre všetkých, ktorí chcú zdravo aktívne žiť. Kolektív 20 autorov pripravil publikáciu s najnovšími poznatky z odboru telovýchovného lekárstva. Je určená špecialistom - športovým lekárom, medikom aj pre iné klinické odbory. Z publikácie môžu čerpať pre svoje vzdelanie aj tréneri a samotní športovci. 
650 0 4 |a Lékařské obory 
650 0 4 |a Ostatní lékařské obory 
700 1 |a Branislav Delej 
856 4 0 |u https://www.bookport.cz/AccountSaml/SignIn/?idp=https://shibboleth.utb.cz/idp/shibboleth&returnUrl=/kniha/telovychovne-lekarstvo-14600/  |y Dostupné v BOOKPORT po přihlášení pomocí eduID